书目信息 |
| 题名: |
草地退化的时空变化格局及其驱动因素的实证研究
|
|
| 作者: | 马梅 , 乔光华 著 | |
| 分册: | ||
| 出版信息: | 北京 经济科学出版社 2017.06 |
|
| 页数: | 228页 | |
| 开本: | 24cm | |
| 丛书名: | ||
| 单 册: | ||
| 中图分类: | S812.3 | |
| 科图分类: | ||
| 主题词: | 退化草地--研究--锡林郭勒盟 | |
| 电子资源: | ||
| ISBN: | 978-7-5141-8207-1 | |
| 000 | 01282nam0 2200241 450 | |
| 001 | 5675 | |
| 005 | 20181020115634.73 | |
| 010 | @a978-7-5141-8207-1@dCNY52.00 | |
| 100 | @a20171222d2017 kemy0chiy50 ea | |
| 101 | 0 | @achi |
| 102 | @aCN@b110000 | |
| 105 | @ay v 000yy | |
| 200 | 1 | @a草地退化的时空变化格局及其驱动因素的实证研究@9cao di tui hua de shi kong bian hua ge ju ji qi qu dong yin su de shi zheng yan jiu@e以锡林郭勒盟为例@dAn empirical study on the temporal and spatial pattern of grassland degradation and its determinants@ethe case of Xilinguoles@f马梅, 乔光华著@zeng |
| 210 | @a北京@c经济科学出版社@d2017.06 | |
| 215 | @a228页@d24cm | |
| 330 | @a本书综合运用多学科的相关理论与方法,以锡林郭勒盟牧区1981-2013年的草地退化状况为研究对象,对锡林郭勒盟牧区草地退化的时空变化格局及其驱动因素进行实证研究,旨在厘清造成草地退化的人为原因与自然原因及其贡献率,并为寻求抑制和治理草地退化的路径与措施提供依据。 | |
| 510 | 1 | @aEmpirical study on the temporal and spatial pattern of grassland degradation and its determinants@ethe case of Xilinguoles@zeng |
| 606 | 0 | @a退化草地@x研究@y锡林郭勒盟 |
| 690 | @aS812.3@v5 | |
| 701 | 0 | @a马梅@9Ma Mei@f(1978- )@4著 |
| 701 | 0 | @a乔光华@9qiao guang hua@f(1965- )@4著 |
| 801 | 0 | @aCN@b91MARC@c20171222 |
| 905 | @aMuseLib@dS812.3@e192 | |
| 草地退化的时空变化格局及其驱动因素的实证研究:以锡林郭勒盟为例=An empirical study on the temporal and spatial pattern of grassland degradation and its determinants:the case of Xilinguoles/马梅, 乔光华著.-北京:经济科学出版社,2017.06 |
| 228页;24cm |
| ISBN 978-7-5141-8207-1:CNY52.00 |
| 本书综合运用多学科的相关理论与方法,以锡林郭勒盟牧区1981-2013年的草地退化状况为研究对象,对锡林郭勒盟牧区草地退化的时空变化格局及其驱动因素进行实证研究,旨在厘清造成草地退化的人为原因与自然原因及其贡献率,并为寻求抑制和治理草地退化的路径与措施提供依据。 |
| ● |
| 相关链接 |
|
|
|
|
正题名:草地退化的时空变化格局及其驱动因素的实证研究
索取号:S812.3/192
 
预约/预借
| 序号 | 登录号 | 条形码 | 馆藏地/架位号 | 状态 | 备注 |
| 1 | 1130776 | 211307762 | 第二样本阅览室/ [索取号:S812.3/192] | 在馆 | |
| 2 | 1130777 | 211307771 | 密集书库-生命科学系/ [索取号:S812.3/192] | 在馆 | |
| 3 | 1130778 | 211307780 | 第三借阅区/ [索取号:S812.3/192] | 在馆 | |
| 4 | 1130779 | 211307799 | 第三借阅区/ [索取号:S812.3/192] | 在馆 | |
| 5 | 1130780 | 211307806 | 第三借阅区/ [索取号:S812.3/192] | 在馆 |